| 000 | 00631nam a22002057a 4500 | ||
|---|---|---|---|
| 003 | 0 | ||
| 005 | 20240910151138.0 | ||
| 008 | 240910b xxu||||| |||| 00| 0 eng d | ||
| 020 | _a978-93-95337-16-8 | ||
| 050 |
_aQD 415.5 _b.K86 2023 |
||
| 100 | _aKumar, Dinesh | ||
| 245 |
_aBiochemistry laboratory _cDinesh Kumar |
||
| 250 | _aFirst edition | ||
| 260 |
_aNew Delhi, India _bParadise Press _c2023 |
||
| 300 |
_ax, 268 pages : _bblack and white illustrations ; _c24cm. |
||
| 504 | _aIncludes bibliographical references and index. | ||
| 650 | _aBiochemistry. | ||
| 650 | _aBiochemistry laboratory manual. | ||
| 942 |
_2lcc _cBK |
||
| 999 |
_c366209 _d366209 |
||